AIR POLLUTION (Record no. 15833)
[ view plain ]
| 000 -LEADER | |
|---|---|
| fixed length control field | 00263nam a22001337a 4500 |
| 003 - CONTROL NUMBER IDENTIFIER | |
| control field | SGT |
| 020 ## - INTERNATIONAL STANDARD BOOK NUMBER | |
| International Standard Book Number | 9780074518717 |
| 082 ## - DEWEY DECIMAL CLASSIFICATION NUMBER | |
| Item number | RAO |
| 100 ## - MAIN ENTRY--PERSONAL NAME | |
| Personal name | RAO, M.N |
| 245 ## - TITLE STATEMENT | |
| Title | AIR POLLUTION |
| 260 ## - PUBLICATION, DISTRIBUTION, ETC. (IMPRINT) | |
| Name of publisher, distributor, etc | TATA MC GRAW HILL |
| Year of Publication | 2014 |
| 300 ## - PAGE DESCRIPTION | |
| No. of Pages | 339 |
| 942 ## - ADDED ENTRY ELEMENTS (KOHA) | |
| Source of classification or shelving scheme | Dewey Decimal Classification |
| Koha item type | Books |
| 942 ## - ADDED ENTRY ELEMENTS (KOHA) | |
| -- | 1 |
| Withdrawn status | Lost status | Source of classification or shelving scheme | Damaged status | Not for loan | Home library | Current library | Shelving location | Date acquired | Vendor Name | Cost, normal purchase price | SGTU | Bill Number | Total Checkouts | Full call number | Accession No. (Barcode) | Date last seen | Date last borrowed | Bill Date | Koha item type |
|---|---|---|---|---|---|---|---|---|---|---|---|---|---|---|---|---|---|---|---|
| Dewey Decimal Classification | SGT Science & Social Sciences Library | SGT Science & Social Sciences Library | Text Book | 24/08/2018 | AHUJA BOOK COMPANY | 720.00 | SGTU | 10039 | 4 | RAO | PS4646 | 07/10/2020 | 07/03/2020 | Books | |||||
| Dewey Decimal Classification | SGT Science & Social Sciences Library | SGT Science & Social Sciences Library | Text Book | 24/08/2018 | AHUJA BOOK COMPANY | 720.00 | SGTU | 10039 | 6 | RAO | PS4647 | 15/12/2020 | 19/11/2020 | Books | |||||
| Dewey Decimal Classification | SGT Science & Social Sciences Library | SGT Science & Social Sciences Library | Text Book | 24/08/2018 | AHUJA BOOK COMPANY | 720.00 | SGTU | 10039 | 5 | RAO | PS4648 | 29/07/2024 | 13/06/2024 | Books | |||||
| Dewey Decimal Classification | SGT Science & Social Sciences Library | SGT Science & Social Sciences Library | Text Book | 24/08/2018 | AHUJA BOOK COMPANY | 720.00 | SGTU | 10039 | 3 | RAO | PS4649 | 20/05/2019 | 29/04/2019 | Books | |||||
| Dewey Decimal Classification | Not For Loan | SGT Science & Social Sciences Library | SGT Science & Social Sciences Library | Reference Book | 24/08/2018 | AHUJA BOOK COMPANY | 720.00 | SGTU | 10039 | RAO | PS4650 | 24/08/2018 | Books |